Gay Spirit: mith and meaning

Wedi'i Gadw mewn:
Manylion Llyfryddiaeth
Prif Awdur: Thompson, Mark
Fformat: Llyfr
Iaith:Saesneg
Cyhoeddwyd: New York St. Martin's Press 1987
Tagiau: Ychwanegu Tag
Dim Tagiau, Byddwch y cyntaf i dagio'r cofnod hwn!

MARC

LEADER 00000nam a2200000 4500
005 20240717181323.0
008 240717b |||||||| |||| 00| 0 eng d
020 |a 0312006004 
040 |c GP 
100 |a Thompson, Mark 
245 |a Gay Spirit: mith and meaning 
260 |a New York  |b St. Martin's Press  |c 1987 
942 |2 ddc  |c BK  |n 0 
952 |0 0  |1 0  |2 ddc  |4 0  |6 306_766000000000000_THO  |7 1  |9 1628  |a RM  |b RM  |d 2024-07-17  |l 0  |o 306.766 THO  |p 459  |r 2024-07-17 18:13:50  |w 2024-07-17  |y BK 
999 |c 1444  |d 1444